000 01223nam a2200241Ia 4500
003 Ost
005 20260507075650.0
008 260507s9999||||xx |||||||||||||| ||und||
020 _a4403119957
040 _cfsecg
041 _aara
082 _a346.565096
100 _aالطراونة، بسام حمد
_eمؤلف
245 0 _aتظهير الأوراق التجارية :
_bدراسة مقارنة في القانونين الاردني والمصري واتفاقية جنيف الموحدة 1930 /
_c بسام حمد الطراونة
260 _aعمان:
_bدار وائل للنشر والتوزيع,
_c2004
300 _a357 صفحة؛
_bإيضاحات ؛
_c24 سم
504 _aالمراجع ص. 339
520 _aالطبيعة القانونية لتظهير الاوراق التجارية- أنواع تظهير الأوراق التجارية- شروط تظهير الأوراق التجارية- الآثار القانونية لتظهير الاوراق التجارية.
653 _aالأعمال التجارة
653 _aالأوراق التجارية- القوانين والأنظمة- الأردن
653 _aالقانون التجاري- الأردن
942 _cكتاب
999 _c45588
_d45588